000 006230000a22002050004500
020 _a0-8028-1485-9
041 0 _aENG
082 0 4 _aG 232 Y542p
100 1 _aYoder, John Howard
245 1 0 _aThe politics of Jesus : Vicit Agnus noster / John Howard Yoder
250 _a7
260 _aGrand Rapids, M.I., USA : Eerdmans
300 _a260 Pag
650 1 4 _aJESUCRISTO - PERSPECTIVA POLITICA Y SOCIAL \ ETICA SOCIAL \ PACIFISMO - ASPECTOS RELIGIOSOS - CRISTIANISMO
001 4193
942 _cBK
999 _c34805
_d34805
336 _atexto
_btxt
_2rdacontent
337 _2rdamedia
_asin mediación
_bn
338 _2rdacarrier
_avolumen
_bnc